Universal's press, media & telecommunication laws. (Record no. 8640)
[ view plain ]
| 000 -LEADER | |
|---|---|
| fixed length control field | 00655nam a22002052 4500 |
| 001 - CONTROL NUMBER | |
| control field | 0000018758 |
| 005 - DATE AND TIME OF LATEST TRANSACTION | |
| control field | 20151217152133.0 |
| 008 - FIXED-LENGTH DATA ELEMENTS--GENERAL INFORMATION | |
| fixed length control field | 100617s xx 000 0 eng d |
| 040 ## - CATALOGING SOURCE | |
| Original cataloging agency | KABU |
| Transcribing agency | KABU |
| 245 10 - TITLE STATEMENT | |
| Title | Universal's press, media & telecommunication laws. |
| 250 ## - EDITION STATEMENT | |
| Edition statement | 1st ed. |
| 260 ## - PUBLICATION, DISTRIBUTION, ETC. (IMPRINT) | |
| Place of publication, distribution, etc. | New Delhi : |
| Name of publisher, distributor, etc. | Universal Law, |
| Date of publication, distribution, etc. | [2009] |
| 300 ## - PHYSICAL DESCRIPTION | |
| Extent | v, 737 p. |
| 650 #0 - SUBJECT ADDED ENTRY--TOPICAL TERM | |
| Topical term or geographic name as entry element | Press |
| Geographic subdivision | India. |
| -- | 0000178108 |
| 650 #0 - SUBJECT ADDED ENTRY--TOPICAL TERM | |
| Topical term or geographic name as entry element | Telecommunication |
| General subdivision | Law and legislation |
| Geographic subdivision | India. |
| -- | 0000178109 |
| 650 #0 - SUBJECT ADDED ENTRY--TOPICAL TERM | |
| Topical term or geographic name as entry element | Mass media |
| General subdivision | Law and legislation |
| Geographic subdivision | India. |
| -- | 0000178110 |
| 852 1# - LOCATION | |
| -- | p880 KES |
| 908 ## - PUT COMMAND PARAMETER (RLIN) | |
| Put command parameter | 100617 |
| 950 ## - LOCAL HOLDINGS (RLIN) | |
| -- | 1 |
| Withdrawn status | Lost status | Source of classification or shelving scheme | Not for loan | Home library | Current library | Date acquired | Total Checkouts | Full call number | Barcode | Date last seen | Price effective from | Koha item type |
|---|---|---|---|---|---|---|---|---|---|---|---|---|
| Library of Congress Classification | Kabarak, Main Campus | Kabarak, Main Campus | 17/12/2015 | KNS1065 .U55 [2009] c. 1 | 24970 | 17/12/2015 | 17/12/2015 | General Collection |